000 00375nab a22001097u 4500
008 130520b2005 xxu||||| |||| 00| 0 spa d
041 _aspa
100 1 _aÁlvarez de los Mozos, Patxi
_970697
245 0 0 _aLa vida religiosa en las fronteras humanas y sociales
_cPatxi Álvarez De Los Mozos
773 0 _tConfer
_gV.44, nº169,2005,págs. 55-74
_x0212-6729
_wRev135
942 _cAR
999 _c415924
_d415924